[Event "EY Boys U18 2012"]
[Site "Prague CZE"]
[Date "2012.08.24"]
[Round "8.21"]
[White "Andreev,Sa"]
[Black "Berchtenbreiter,M"]
[Result "0-1"]
[WhiteElo "2197"]
[BlackElo "2326"]

1.c4 Nf6 2.Nf3 c5 3.Nc3 e6 4.g3 b6 5.Bg2 Bb7 6.O-O a6 7.d4 cxd4 8.Qxd4 d6
9.Rd1 Nbd7 10.Ng5 Bxg2 11.Kxg2 Rc8 12.Nge4 Rc6 13.b3 Be7 14.Bb2 O-O 15.f3 Qb8
16.a4 Rd8 17.Nf2 Nc5 18.Ra3 Bf8 19.e4 Rdc8 20.Qe3 Nb7 21.Ra2 Nc5 22.Ne2 Ne8
23.h4 R6c7 24.e5 Qb7 25.Ng4 Rd7 26.exd6 Rxd6 27.Rxd6 Nxd6 28.Bc1 b5 29.axb5 axb5
30.cxb5 Nf5 31.Qc3 h5 32.Nf2 Ne4 33.Qxc8 Qxc8 34.Nxe4 Qb7 35.N2c3 Nd4 36.Be3 e5
37.Ra4 Nxb5 38.Nxb5 Qxb5 39.Ra8 Qe2+ 40.Bf2 g6 41.Re8 Qb2 42.Nf6+ Kg7 43.Rb8 Kxf6
44.Rxf8 Qxb3 45.Re8  0-1

[Event "14th Sants Open A Tie-Breaks"]
[Site "Barcelona ESP"]
[Date "2012.08.26"]
[Round "2.3"]
[White "Gajewski,G"]
[Black "Spraggett,K"]
[Result "1-0"]
[WhiteElo "2628"]
[BlackElo "2595"]

1.Nf3 Nf6 2.c4 e6 3.Nc3 c5 4.g3 b6 5.Bg2 Bb7 6.O-O Be7 7.Re1 d5 8.cxd5 exd5
9.d4 O-O 10.Ne5 Na6 11.Bf4 Re8 12.dxc5 Bxc5 13.Nd3 Ne4 14.Nxc5 Naxc5 15.Nb5 Ne6
16.Be3 Qe7 17.Nd4 N6c5 18.Rc1 a5 19.Bh3 Bc8 20.Bg2 Bb7 21.Nf5 Qf6 22.g4 Qg6
23.h3 h5 24.f3 hxg4 25.hxg4 Nd6 26.Nxd6 Qxd6 27.Qd4 Re6 28.Bf4 Qe7 29.e3 Re8
30.Kf2 Ba6 31.Rc3 g5 32.Bg3 Bb7 33.Rh1 f6 34.Bf1 Kg7 35.Bb5 Rh8 36.Rcc1 Rxh1
37.Rxh1  1-0

[Event "24th Schlosspark Open"]
[Site "Wiesbaden GER"]
[Date "2012.08.26"]
[Round "6.10"]
[White "Kienitz,A"]
[Black "Junesch,G"]
[Result "0-1"]
[WhiteElo "2153"]
[BlackElo "2291"]

1.Nf3 Nf6 2.c4 c5 3.Nc3 e6 4.g3 b6 5.Bg2 Bb7 6.O-O Be7 7.Re1 d6 8.e4 a6 9.d4 cxd4
10.Nxd4 Qc7 11.Be3 Nbd7 12.Rc1 Rc8 13.b3 Qb8 14.f4 Qa8 15.Bf2 g6 16.Qe2 O-O
17.h3 Rfe8 18.Nf3 Bf8 19.g4 Bg7 20.Bg3 Nc5 21.Nd2 e5 22.f5 Bh6 23.Nd5 Bxd5
24.cxd5 Bf4 25.Bf2 Kg7 26.Bf3 h5 27.Rc2 hxg4 28.hxg4 Rh8 29.Rec1 a5 30.Re1 Rh3
31.Bg2 Rh7 32.Nf1 Rch8 33.Rc3 Qg8 34.a3 gxf5 35.gxf5 Kf8 36.Bg3 Nh5 37.Kf2 Ke7
38.b4 axb4 39.axb4 Nd7 40.Bh4+ Nhf6 41.Bg3 Qg5 42.Bxf4 exf4 43.e5 Ng4+ 44.Kf3 Ndxe5+
45.Ke4 Nf6+ 46.Kd4 f3 47.Rxf3 Rc8  0-1

[Event "24th Schlosspark Open"]
[Site "Wiesbaden GER"]
[Date "2012.08.26"]
[Round "6.9"]
[White "Mueller,Ra1"]
[Black "Berberich,C"]
[Result "1-0"]
[WhiteElo "2414"]
[BlackElo "2085"]

1.Nf3 Nf6 2.c4 c5 3.Nc3 g6 4.e4 d6 5.d4 cxd4 6.Nxd4 Bg7 7.Be2 O-O 8.Be3 Nc6
9.Qd2 Bd7 10.O-O Nxd4 11.Bxd4 Bc6 12.f3 a5 13.Rab1 Nd7 14.Be3 a4 15.Rfc1 Qa5
16.b4 axb3 17.axb3 Bxc3 18.Qxc3 Qxc3 19.Rxc3 Ra2 20.Bf1 Rfa8 21.b4 b6 22.Rcb3 Kf8
23.R3b2 e5 24.g3 f5 25.Bh3 Ke7 26.Bg5+ Ke8 27.exf5 Bxf3 28.f6 Nf8 29.Be3 Be2
30.Bxb6 Bxc4 31.Bc7 Nd7 32.Bxd6 Nxf6 33.Bxe5 Rxb2 34.Bxb2 Nd5 35.Re1+ Kf8
36.Bd4 Ra2 37.Rc1 Bd3 38.Bg2 Ne7 39.Bc5 Kf7 40.Re1 Re2 41.Rxe2 Bxe2 42.Kf2 Bb5
43.Bxe7 Kxe7 44.Ke3 Ke6 45.Kd4 Kd6 46.Be4 Bf1 47.g4 Bh3 48.g5 Ke6 49.b5 Bf1
50.b6 Ba6 51.Kc5 Ke5 52.Bg2 Kf4 53.Kd6 Kxg5 54.Kc7 Kh4 55.Bf1 Bxf1 56.b7 Kh3
57.b8=Q Kxh2 58.Qg8 Bd3 59.Qxh7+ Kg3 60.Kd6 Bf5 61.Ke5 Kf3 62.Qh1+ Ke3 63.Qg2 Kd3
64.Qd5+ Ke3 65.Qb3+ Bd3 66.Qc3 Ke2 67.Kd4 Bf5 68.Qg3 Kd2 69.Qf2+  1-0

[Event "40th Olympiad Open"]
[Site "Istanbul TUR"]
[Date "2012.08.28"]
[Round "1.20"]
[White "Juarez Flores,C"]
[Black "Brunello,S"]
[Result "0-1"]
[WhiteElo "2349"]
[BlackElo "2586"]

1.Nf3 c5 2.c4 Nf6 3.Nc3 e6 4.g3 b6 5.Bg2 Bb7 6.O-O Be7 7.d4 cxd4 8.Qxd4 d6
9.Rd1 a6 10.b3 Nbd7 11.Bb2 O-O 12.Rac1 Qc7 13.Qh4 Rfe8 14.Qh3 Rac8 15.Nd4 Bxg2
16.Qxg2 Bf8 17.Ne4 Ng4 18.b4 Nge5 19.Nd2 Qb8 20.h3 b5 21.cxb5 axb5 22.Nc6 Nxc6
23.Rxc6 d5 24.Rxc8 Rxc8 25.a3 Rc2 26.Bd4 Qc7 27.Qf1 e5 28.Ba1 d4 29.Nb3 Qc4
30.Rd3 Nf6 31.Qd1 h5 32.Rd2 Rxd2 33.Nxd2 Qa2 34.Nf3 Bd6 35.e3 Ne4 36.Qe1 d3
37.Bxe5 Bxe5 38.Nxe5 d2  0-1

[Event "40th Olympiad Open"]
[Site "Istanbul TUR"]
[Date "2012.08.29"]
[Round "2.32"]
[White "Hansen,TR"]
[Black "Ly,Mo"]
[Result "1/2-1/2"]
[WhiteElo "2469"]
[BlackElo "2397"]

1.Nf3 c5 2.c4 Nf6 3.Nc3 b6 4.g3 Bb7 5.Bg2 g6 6.O-O Bg7 7.d4 cxd4 8.Qxd4 O-O
9.Qh4 d6 10.Bh6 Nbd7 11.Rac1 Rc8 12.Bxg7 Kxg7 13.Rfd1 Rc5 14.b4 Rc8 15.Nb5 a6
16.Nbd4 Rc7 17.b5 Qc8 18.Nb3 Qa8 19.a4 Nc5 20.Nxc5 Rxc5 21.Qd4 Qc8 22.Ne1 Bxg2
23.Kxg2 Qb7+ 24.f3 a5 25.Nd3 Rc7 26.e4 Rd7 27.Qc3 e5 28.c5 bxc5 29.Nb2 d5
30.exd5 Nxd5 31.Qxe5+ f6 32.Qe4 Rfd8 33.Nc4 Re7 34.Qc2 Re6 35.Qf2 Qe7 36.Re1 Nb4
37.Rxe6 Qxe6 38.Qe3 Qxe3 39.Nxe3 Rd2+ 40.Kg1 Nd3 41.Rd1 Rxd1+ 42.Nxd1 c4
43.b6 Nc5 44.Kf2 Kf7 45.Ke3 Ke6 46.Kd4 Kd6 47.Kxc4 Kc6 48.Nb2 Nd7 49.b7 Ne5+
50.Kd4 Kxb7 51.Ke4 Kc6 52.f4  1/2-1/2

[Event "40th Olympiad Open"]
[Site "Istanbul TUR"]
[Date "2012.08.29"]
[Round "2.60"]
[White "Heiba,Mohamed"]
[Black "Lodhi,M"]
[Result "0-1"]
[WhiteElo "1903"]
[BlackElo "2358"]

1.Nf3 Nf6 2.c4 c5 3.Nc3 g6 4.g3 Bg7 5.Bg2 Nc6 6.O-O O-O 7.d3 d6 8.Bd2 a6
9.Rb1 Rb8 10.Ne1 Bd7 11.a3 b5 12.Nd5 bxc4 13.dxc4 Ne5 14.Qc1 Bf5 15.Nxf6+ Bxf6
16.e4 Be6 17.b3 Nc6 18.Nc2 Na5 19.Bxa5 Qxa5 20.Ne3 Rb6 21.b4 cxb4 22.axb4 Rxb4
23.Rxb4 Qxb4 24.Nd5 Bxd5 25.cxd5 a5 26.Qc2 Rb8 27.Rd1 a4 28.Rd2 a3 29.Qa2 Qb1+
30.Bf1 Qxa2 31.Rxa2 Bb2 32.f4 Rb4 33.e5 dxe5 34.fxe5 Re4 35.e6 fxe6 36.dxe6 Kg7
37.Bh3 Kf6 38.Kg2 Re2+ 39.Kh1 Ke5  0-1

[Event "40th Olympiad Open"]
[Site "Istanbul TUR"]
[Date "2012.08.29"]
[Round "2.36"]
[White "Khuseinkhodzhaev,M"]
[Black "Georgiev,Ki"]
[Result "0-1"]
[WhiteElo "2378"]
[BlackElo "2682"]

1.Nf3 Nf6 2.c4 c5 3.Nc3 d5 4.cxd5 Nxd5 5.d4 Nxc3 6.bxc3 g6 7.e3 Bg7 8.Be2 O-O
9.O-O Qc7 10.a4 b6 11.Ba3 Bb7 12.Nd2 Nd7 13.f4 Nf6 14.Qb3 Nd5 15.Nc4 Ba6
16.Rfe1 Rfd8 17.Rac1 e6 18.Ne5 Bxe2 19.Rxe2 Rac8 20.c4 Ne7 21.Bb2 Nc6 22.Nxc6 Qxc6
23.dxc5 Bxb2 24.Qxb2 Qxc5 25.Kf2 Rd3 26.Qb5 Qe7 27.a5 Qh4+ 28.g3 Qxh2+ 29.Kf3 Qh3
30.axb6 axb6 31.Qxb6 e5 32.Qf6 Qh5+ 33.g4 Qh3+ 34.Ke4 Rcd8 35.Rg1 R3d6 36.Qe7 exf4
37.Kxf4 Kg7 38.g5 Qf5+ 39.Kg3 R8d7 40.e4 Rd3+  0-1

[Event "37th Trade Fair Open A"]
[Site "Brno CZE"]
[Date "2012.08.31"]
[Round "7"]
[White "Plischki,S"]
[Black "Dvorak,A"]
[Result "1-0"]
[WhiteElo "2365"]
[BlackElo "2008"]

1.Nf3 Nf6 2.c4 c5 3.Nc3 e6 4.g3 b6 5.Bg2 Bb7 6.O-O Be7 7.Re1 d5 8.cxd5 exd5
9.d4 O-O 10.dxc5 Bxc5 11.Nd4 Nc6 12.Be3 Re8 13.Nxc6 Bxc6 14.Bd4 Qd6 15.e3 Rad8
16.Rc1 h6 17.Qd3 Ng4 18.Red1 Ne5 19.Qe2 Bb7 20.Bxc5 bxc5 21.Nxd5 Ba6 22.Qc2 c4
23.b3 Rc8 24.bxc4 Bxc4 25.Qa4 Be2 26.Re1 Bf3 27.Rxc8 Rxc8 28.e4 Kh8 29.Qb3 Rb8
30.Qc3 Bxg2 31.Kxg2 Ng6 32.Re2 Qe6 33.h3 Rc8 34.Qd4 Rc1 35.Qxa7 Ne5 36.Qe7 Nd3
37.Qd8+ Kh7 38.Ne7 h5 39.Qg8+ Kh6 40.Nf5+ Kg5 41.h4+ Kg4 42.f3+  1-0

[Event "40th Olympiad Open"]
[Site "Istanbul TUR"]
[Date "2012.08.31"]
[Round "4.16"]
[White "Jumabayev,R"]
[Black "Sutovsky,E"]
[Result "1-0"]
[WhiteElo "2525"]
[BlackElo "2687"]

1.Nf3 c5 2.c4 Nf6 3.Nc3 d5 4.cxd5 Nxd5 5.d4 Nxc3 6.bxc3 g6 7.e3 Bg7 8.Be2 Qa5
9.Qb3 cxd4 10.Nxd4 Bxd4 11.exd4 Be6 12.Qb2 O-O 13.O-O Qb6 14.c4 Rc8 15.Qc3 Nd7
16.Bb2 Nf6 17.Qb3 Qa6 18.Rfc1 Rc6 19.Bf1 Rb6 20.Qa3 Bf5 21.d5 Rd6 22.Qe3 Rd7
23.c5 Nxd5 24.Qh6  1-0

[Event "11th Kesarovski-Stanchev Mem"]
[Site "Sunny Beach BUL"]
[Date "2012.09.01"]
[Round "1.1"]
[White "Nabaty,T"]
[Black "Yordanova,S"]
[Result "1-0"]
[WhiteElo "2590"]
[BlackElo "2109"]

1.Nf3 Nf6 2.c4 c5 3.Nc3 d5 4.cxd5 Nxd5 5.g3 Nc6 6.Bg2 Nc7 7.Qa4 Bd7 8.Qe4 e6
9.Ne5 f5 10.Qe3 Nd4 11.Qd3 Na6 12.a3 Qc7 13.Nxd7 Qxd7 14.e3 Nf3+ 15.Ke2 Qxd3+
16.Kxd3 O-O-O+ 17.Ke2 Ne5 18.d4 Nc6 19.dxc5 Nxc5 20.b4 Nd7 21.Bb2 Nb6 22.Rac1 Kb8
23.Nb5 Nd5 24.Rhd1 Rg8 25.Bxd5 exd5 26.Nd4 Nxd4+ 27.Bxd4 Bd6 28.Bb2 Be7 29.Be5+ Ka8
30.Rc7 Bd6 31.Bxd6 Rxd6 32.Rdc1 a6 33.Rf7 g6 34.Rcc7 Rb8 35.Rxh7 d4 36.Rcd7 Rxd7
37.Rxd7 dxe3 38.Kxe3 Rc8 39.h4 Rc3+ 40.Rd3 Rc4 41.Kd2 Kb8 42.Rd6 Rg4 43.Kd3 a5
44.Rd4 axb4 45.axb4 Kc7 46.Rxg4 fxg4 47.f3 gxf3 48.g4  1-0

[Event "FSIM Sept 2012"]
[Site "Budapest HUN"]
[Date "2012.09.02"]
[Round "2.6"]
[White "Petran,Pa"]
[Black "Szalanczy,E"]
[Result "1/2-1/2"]
[WhiteElo "2331"]
[BlackElo "2237"]

1.c4 c5 2.Nf3 Nf6 3.Nc3 g6 4.g3 Bg7 5.Bg2 Nc6 6.O-O O-O 7.a3 Rb8 8.Rb1 b6
9.b4 d6 10.d3 Bb7 11.Bd2 Qd7 12.e4 Rfd8 13.Qc1 Qe8 14.Bg5 Qf8 15.Nd5 Nxd5
16.exd5 Nd4 17.Nxd4 Bxd4 18.Re1 Re8 19.bxc5 dxc5 20.Bh6 Bg7 21.Bf4 Rbd8 22.a4 e6
23.a5 exd5 24.axb6 axb6 25.Rxb6 Ba8 26.Rxe8 Qxe8 27.cxd5 Bxd5 28.Bxd5 Rxd5
29.Rb8 Rd8 30.Rxd8 Qxd8 31.Qxc5 Qxd3 32.Qc8+ Bf8 33.Bh6 Qd6 34.h4 Qe7 35.Qa8 Qa3
36.Qe8 Qe7 37.Qa8 Qa3 38.Qe8  1/2-1/2

[Event "14th Trieste Open A"]
[Site "Trieste ITA"]
[Date "2012.09.02"]
[Round "2"]
[White "Erwich,Frank"]
[Black "Basso,Pier Luigi"]
[Result "1/2-1/2"]
[WhiteElo "2359"]
[BlackElo "2112"]

1.c4 Nf6 2.Nc3 c5 3.Nf3 e6 4.e4 d6 5.d4 cxd4 6.Nxd4 a6 7.Bd3 Qc7 8.O-O Nbd7
9.Be3 Ne5 10.Be2 Bd7 11.Rc1 Be7 12.f4 Nc6 13.g4 Nxd4 14.Bxd4 h6 15.g5 hxg5
16.fxg5 d5 17.e5 Bc5 18.Rf2 Ne4 19.Nxe4 dxe4 20.Bxc5 Qxc5  1/2-1/2

[Event "14th Trieste Open A"]
[Site "Trieste ITA"]
[Date "2012.09.03"]
[Round "4"]
[White "Suc,T"]
[Black "Erwich,Frank"]
[Result "0-1"]
[WhiteElo "2135"]
[BlackElo "2359"]

1.c4 Nf6 2.Nc3 c5 3.Nf3 e6 4.g3 b6 5.Bg2 Bb7 6.O-O Be7 7.Re1 d6 8.e4 a6 9.d4 cxd4
10.Nxd4 Qc7 11.Be3 Nbd7 12.Rc1 Rc8 13.b3 Qb8 14.Rc2 Qa8 15.Bc1 O-O 16.Bb2 Rc7
17.h3 Rfc8 18.Rce2 b5 19.Ndxb5 axb5 20.Nxb5 Rc6 21.Rd2 Ra6 22.a4 Qb8 23.e5 Nxe5
24.Bxb7 Qxb7 25.Bxe5 dxe5 26.Rxe5 h5 27.Qc2 Qb8 28.f4 h4 29.gxh4 Nd5 30.Rdxd5 exd5
31.Rxe7 Rg6+ 32.Kh1 Qxf4  0-1

[Event "40th Olympiad Open"]
[Site "Istanbul TUR"]
[Date "2012.09.04"]
[Round "7.31"]
[White "Arias Santana,M"]
[Black "Elsness,F"]
[Result "1/2-1/2"]
[WhiteElo "2326"]
[BlackElo "2498"]

1.Nf3 Nf6 2.c4 c5 3.Nc3 e6 4.g3 b6 5.Bg2 Bb7 6.O-O a6 7.d4 cxd4 8.Qxd4 d6
9.Bg5 Nbd7 10.Rfd1 Be7 11.Nd2 Bxg2 12.Kxg2 Rc8 13.Nde4 Rc6 14.Nxf6+ Bxf6
15.Bxf6 Nxf6 16.Rd3 O-O 17.b3 Qc7 18.a4 Rc8 19.Ne4 Nxe4 20.Qxe4 h6 21.Rad1 b5
22.cxb5 axb5 23.a5 d5 24.Qb4 Ra6 25.Ra1 Qc5 26.Qxc5 Rxc5 27.f4 Kf8 28.Kf3 Ke7
29.e4 dxe4+ 30.Kxe4 b4 31.Rd4 f5+ 32.Ke3 Rc3+ 33.Rd3 Rc5 34.Rd4 Rc3+ 35.Rd3 Rc5
36.Rd4 Rc3+  1/2-1/2

[Event "5th Sabadell Open A"]
[Site "Sabadell ESP"]
[Date "2012.09.06"]
[Round "8"]
[White "Oms Pallisse,J"]
[Black "Aroshidze,L"]
[Result "1/2-1/2"]
[WhiteElo "2461"]
[BlackElo "2568"]

1.Nf3 c5 2.c4 Nf6 3.Nc3 b6 4.g3 Bb7 5.Bg2 e6 6.O-O a6 7.d4 cxd4 8.Qxd4 d6
9.Rd1 Be7 10.Bg5 Nbd7 11.Qd2 O-O 12.Bf4 Ne8 13.Rac1 Rc8 14.b3 h6 15.g4 Ndf6
16.h3 Ne4 17.Nxe4 Bxe4 18.Bg3 Qc7 19.Nd4 Bxg2 20.Kxg2 Qb7+ 21.f3 Nf6 22.Qd3 d5  1/2-1/2

[Event "11th Kesarovski-Stanchev Mem"]
[Site "Sunny Beach BUL"]
[Date "2012.09.06"]
[Round "6.40"]
[White "Todorov,Kostadinov Todor"]
[Black "Atanasov,R"]
[Result "1-0"]
[WhiteElo "2025"]
[BlackElo "2150"]

1.Nf3 Nf6 2.c4 c5 3.Nc3 e6 4.g3 d5 5.cxd5 exd5 6.d4 Nc6 7.Bg2 Be7 8.O-O O-O
9.Bg5 cxd4 10.Nxd4 h6 11.Be3 Bg4 12.h3 Be6 13.Nxe6 fxe6 14.Nb5 e5 15.f4 d4
16.fxe5 dxe3 17.exf6 Bxf6 18.Qb3+ Kh8 19.Rad1 Qb6 20.Rd7 Rad8 21.Rfd1 Rxd7
22.Rxd7 Na5 23.Qa3 Rd8 24.Qd3 Nc6 25.Rxd8+ Nxd8 26.Qd7 Bxb2 27.Nd6  1-0

[Event "40th Olympiad Open"]
[Site "Istanbul TUR"]
[Date "2012.09.07"]
[Round "10.41"]
[White "Maznitsin,A"]
[Black "Vazquez Reyes,R"]
[Result "1/2-1/2"]
[WhiteElo "2283"]
[BlackElo "2251"]

1.c4 Nf6 2.Nf3 c5 3.Nc3 g6 4.g3 Bg7 5.Bg2 O-O 6.O-O Nc6 7.d4 cxd4 8.Nxd4 Nxd4
9.Qxd4 d6 10.Qd3 Bf5 11.e4 Be6 12.Bd2 Nd7 13.b3 a6 14.Rac1 b5 15.cxb5 axb5
16.Qxb5 Bxc3 17.Rxc3 Rxa2 18.Bh6 Qb8 19.Qg5 f6 20.Qe3 Rc8 21.Rfc1 Rxc3 22.Qxc3 Ra3
23.Rb1 Nc5 24.e5 fxe5 25.Qc1 Rxb3 26.Ra1 Qc7 27.Be3 Kf7 28.h4 Qb6 29.h5 Qb4
30.Bxc5 dxc5 31.Qh6 Rb1+ 32.Rxb1 Qxb1+ 33.Kh2 gxh5 34.Qxh5+ Qg6 35.Qxe5 Qf5
36.Qe3 c4 37.Be4 Qg4 38.Bf3 Qf5 39.Be4 Qg4 40.Bf3 Qg6 41.Be4 Qh5+ 42.Kg1 Bd5
43.Qd4 Bxe4 44.Qxe4 Qd1+ 45.Kg2 Qd3 46.Qxd3 cxd3  1/2-1/2

[Event "9th LGA Premium Cup"]
[Site "Nuernberg GER"]
[Date "2012.09.07"]
[Round "4.75"]
[White "Rausch,Wo2"]
[Black "Hirschinger,T"]
[Result "1-0"]
[WhiteElo "1875"]
[BlackElo "2083"]

1.c4 Nf6 2.Nc3 c5 3.Nf3 d5 4.cxd5 Nxd5 5.d4 Nxc3 6.bxc3 g6 7.e3 Bg7 8.Be2 O-O
9.O-O cxd4 10.cxd4 Be6 11.Ba3 Re8 12.Qd2 Nc6 13.Rfc1 Bd5 14.Rab1 Rb8 15.Rd1 b6
16.Rbc1 Qc8 17.e4 Bxe4 18.d5 Rd8 19.Rxc6 Qxc6 20.dxc6 Rxd2 21.Rxd2 Bxc6 22.Bxe7 Re8
23.Rd8 Rxd8 24.Bxd8 Bd5 25.a4 Bb3 26.Bb5 Bc3 27.Kf1 Ba5 28.Nd4 Bd1 29.Nc6  1-0

[Event "11th Kesarovski-Stanchev Mem"]
[Site "Sunny Beach BUL"]
[Date "2012.09.07"]
[Round "7.4"]
[White "Agayev,N"]
[Black "Enchev,I"]
[Result "1/2-1/2"]
[WhiteElo "2318"]
[BlackElo "2397"]

1.Nf3 Nf6 2.c4 c5 3.Nc3 b6 4.g3 Bb7 5.Bg2 e6 6.O-O Be7 7.b3 O-O 8.Bb2 d5
9.e3 dxc4 10.bxc4 Nc6 11.Qe2 Qc7 12.Rfd1 Rad8  1/2-1/2

[Event "11th Kesarovski-Stanchev Mem"]
[Site "Sunny Beach BUL"]
[Date "2012.09.08"]
[Round "8.38"]
[White "Todorov,Kostadinov Todor"]
[Black "Angelov,A"]
[Result "1-0"]
[WhiteElo "2025"]
[BlackElo "2190"]

1.Nf3 Nf6 2.c4 c5 3.Nc3 g6 4.e4 Bg7 5.g3 O-O 6.Bg2 d6 7.O-O Nc6 8.d3 a6 9.Rb1 b5
10.e5 dxe5 11.Nxe5 Nxe5 12.Bxa8 Bg4 13.f3 Bh3 14.Re1 Qxa8 15.Rxe5 Ng4 16.Rd5 b4
17.Ne4 e6 18.Rd6 Be5 19.Bf4 Bxd6 20.Bxd6 Rd8 21.Qe2 f5 22.Nf6+ Kf7 23.Nxh7 Rxd6
24.Ng5+ Kf6 25.Nxh3 Ne5 26.f4 Nxd3 27.Rd1 Qe4 28.Kf1 Rd4 29.b3 e5 30.fxe5+ Kxe5
31.Ng5 Qxe2+ 32.Kxe2 Nb2 33.Nf3+ Ke4 34.Rb1 Nd3  1-0

[Event "11th Kesarovski-Stanchev Mem"]
[Site "Sunny Beach BUL"]
[Date "2012.09.09"]
[Round "9.12"]
[White "Todorov,O"]
[Black "Maier,C"]
[Result "1/2-1/2"]
[WhiteElo "2282"]
[BlackElo "2345"]

1.Nf3 Nf6 2.c4 c5 3.Nc3 e6 4.e4 Nc6 5.Be2 a6 6.O-O Qc7 7.d4 cxd4 8.Nxd4 Bb4
9.Bg5 h6 10.Bxf6 gxf6 11.Rc1 Nxd4 12.Qxd4 Qe5 13.Qd3 Rg8 14.Na4 Qa5 15.Qb3 b5
16.cxb5 Bb7 17.Nc5 Bxc5 18.Rxc5 Bxe4 19.Bf3 Bxf3 20.Qxf3 axb5 21.Rxb5 Qxa2
22.Qxf6 Qc4 23.Qf3 Qc6 24.Qxc6 dxc6 25.Rb7 Rg5 26.g3 Rd5  1/2-1/2

[Event "3rd Livigno Open A"]
[Site "Livigno ITA"]
[Date "2012.09.14"]
[Round "6.12"]
[White "Stella,A"]
[Black "Minko,V"]
[Result "1/2-1/2"]
[WhiteElo "2456"]
[BlackElo "2293"]

1.Nf3 Nf6 2.c4 c5 3.Nc3 g6 4.g3 b6 5.Bg2 Bb7 6.O-O Bg7 7.b3 d5 8.cxd5 Nxd5
9.Bb2 O-O 10.d4 Nxc3 11.Bxc3 Nd7 12.Qd2 cxd4 13.Bxd4 e5 14.Bb2 Qe7 15.Rfd1 Nc5
16.Qe3 Rfe8 17.Rac1 e4 18.Nd4 Rad8 19.Ba1 f5 20.Bf1 Bd5 21.b4 Ne6 22.Nxe6 Bxe6
23.Rxd8 Rxd8 24.Bxg7 Qxg7 25.Qg5 Qd7 26.a3 Rc8 27.Rxc8+ Qxc8 28.Qf6 Bf7 29.Qd6 Qa6
30.Qb8+ Kg7 31.Qe5+ Kg8 32.Qb8+ Kg7 33.Qe5+ Kg8 34.Qb8+  1/2-1/2

[Event "TCh-SRB Prem w 2012"]
[Site "Valjevo SRB"]
[Date "2012.09.20"]
[Round "4.4"]
[White "Vojinovic,J"]
[Black "Zarkovic,M"]
[Result "1-0"]
[WhiteElo "2331"]
[BlackElo "1993"]

1.Nf3 Nf6 2.c4 c5 3.Nc3 e6 4.g3 b6 5.Bg2 Bb7 6.O-O Be7 7.d4 cxd4 8.Qxd4 d6
9.Bg5 h6 10.Bxf6 Bxf6 11.Qf4 Bxc3 12.bxc3 Qe7 13.Rfd1 d5 14.Ne5 O-O 15.cxd5 exd5
16.Bxd5 Bxd5 17.Rxd5 Na6 18.Qc4 Nc7 19.Ng6 Qe6 20.Nf4 Qe7 21.Rd3 Rfd8 22.Rad1 Rxd3
23.Rxd3 Re8 24.Qc6 Rd8 25.Kg2 g5 26.Nh5 Ne6 27.Qf3 Rxd3 28.exd3 Nc5 29.Nf6+ Kg7
30.Ne4 Nd7 31.Qf5 Qe6 32.Qxe6 fxe6 33.d4 b5 34.Nc5 Nf8 35.Na6 Kf6 36.Nc7 e5
37.Nxb5 exd4 38.cxd4 a6 39.Nc7 a5 40.Kf3 Kf5 41.g4+ Kf6 42.Ke4 Nd7 43.f4 gxf4
44.Kxf4 a4 45.h4  1-0

[Event "21st TCh-CRO 1b 2012"]
[Site "Sibenik CRO"]
[Date "2012.09.23"]
[Round "1.4"]
[White "Horvath,Jo1"]
[Black "Bogut,Z"]
[Result "1-0"]
[WhiteElo "2532"]
[BlackElo "2441"]

1.Nf3 Nf6 2.c4 c5 3.Nc3 b6 4.d4 cxd4 5.Nxd4 Bb7 6.f3 d6 7.e4 e6 8.Be2 Be7
9.O-O O-O 10.Be3 a6 11.Qd2 Nbd7 12.a4 Qc7 13.a5 bxa5 14.Nb3 a4 15.Nxa4 Rfb8
16.Na5 Nc5 17.Nc3 Bc8 18.b4 Rxb4 19.Nb5 axb5 20.Qxb4 bxc4 21.Nxc4 Rb8 22.Qa5 Qxa5
23.Nxa5 Bd7 24.Rfb1 Rc8 25.Nc4 h6 26.Ra7 Kf8 27.Nb6 Rd8 28.Bxc5 dxc5 29.Nxd7+ Rxd7
30.Rb8+ Rd8 31.Raa8 Ke8 32.Bb5+ Nd7 33.Rxd8+ Bxd8 34.Ra7  1-0

[Event "TCh-SRB Prem 2012"]
[Site "Valjevo SRB"]
[Date "2012.09.24"]
[Round "8.2"]
[White "Arsovic,Z"]
[Black "Sredojevic,I"]
[Result "1-0"]
[WhiteElo "2434"]
[BlackElo "2407"]

1.Nf3 c5 2.c4 Nf6 3.Nc3 b6 4.e3 Bb7 5.d4 cxd4 6.exd4 e6 7.Bd3 Be7 8.O-O d5
9.cxd5 Nxd5 10.Ne5 O-O 11.Qf3 Nd7 12.Qh3 f5 13.Bc4 Rc8 14.Bxd5 exd5 15.Bf4 Nxe5
16.Bxe5 Qd7 17.Rfe1 Rf7 18.Rac1 Bg5 19.Rcd1 h6 20.Qh5 Kh7 21.f4 g6 22.Qh3 Be7
23.Rd3 Bf8 24.Qh4 Qd8 25.Qf2 Rc6 26.Rh3 Re6 27.Kh1 g5 28.fxg5 Qxg5 29.Rg3 Qd8
30.Ne2 Rg6 31.Rxg6 Kxg6 32.Nf4+ Kh7 33.h3 Be7 34.Qf3 Qg8 35.Rc1 Bg5 36.Rc2 Bxf4
37.Bxf4 Re7 38.Be5 Qg5 39.Rf2 Rf7 40.Kh2 Qg6 41.Bf4 Ba6 42.Qe3 Rg7 43.Be5 Rf7
44.Rf3 Qg5 45.Bf4 Qf6 46.Rg3 Bb5 47.Qd2 Qh4 48.Qc1 Qf6 49.Qc8 Rf8 50.Qc3 Rf7
51.b3 Qe7 52.a4 Bd7 53.Qc7 Be6 54.Qe5 Bc8 55.Qb8 Qf8 56.Rc3 Ba6 57.Qxf8 Rxf8
58.Rc7+ Kg8 59.Rxa7 Bd3 60.Bxh6 Re8 61.Rg7+ Kh8 62.Rg3 Bc2 63.Bg7+ Kh7 64.Be5 Rc8
65.h4 Be4 66.Rg7+ Kh6 67.Rc7 Rg8 68.g3 Kh5 69.Kh3 Bd3 70.Rh7+ Kg6 71.Rb7 Bf1+
72.Kh2 Rc8 73.Rc7 Ra8 74.Rc1 Bd3 75.Rc3 Be2 76.Re3 Bd1 77.Bc7 Rc8 78.Bxb6 Rc2+
79.Kg1 f4 80.gxf4 Kf5 81.Bd8 Kxf4 82.Bg5+ Kg4 83.Kf1 Rb2 84.Ke1 Bxb3 85.a5 Bc4
86.Ra3 Ba6 87.Kd1 Kf5 88.Bd2 Ke4 89.h5 Rb1+ 90.Kc2 Rh1 91.h6 Kxd4 92.Ra4+ Kc5
93.Rg4 Rh3 94.Rg7 Bd3+ 95.Kb2 Bc4 96.Rc7+ Kb5 97.Rb7+ Kc5 98.h7 Bd3 99.Rc7+ Kb5
100.Rc3  1-0

[Event "1st Simon Bolivar Open 2012"]
[Site "San Cristobal VEN"]
[Date "2012.09.25"]
[Round "1.1"]
[White "Iturrizaga,E"]
[Black "De Arco,L"]
[Result "1-0"]
[WhiteElo "2625"]
[BlackElo "2235"]

1.Nf3 Nf6 2.c4 c5 3.Nc3 g6 4.d4 cxd4 5.Nxd4 Bg7 6.g3 O-O 7.Bg2 Nc6 8.O-O Nxd4
9.Qxd4 d6 10.Qd3 a6 11.Rd1 Qc7 12.Bd2 Bd7 13.Rac1 Rac8 14.b3 Qb8 15.a4 Bc6
16.Bh3 Rcd8 17.Be3 Nd7 18.Nd5 Rfe8 19.a5 Ne5 20.Qd2 Bxd5 21.cxd5 f5 22.Rc2 Rc8
23.Rdc1 Rf8 24.Bg5 Bf6 25.Bh6 Rfe8 26.Be3 Rf8 27.Bb6 Rxc2 28.Qxc2 Qe8 29.e4 fxe4
30.Qxe4 Qb5 31.f4 Nf7 32.Qc4 Qe8 33.Qa4 Qb8 34.Qd7 g5 35.Be6 Kg7 36.Bxf7 Kxf7
37.fxg5 Bxg5 38.Qf5+ Bf6 39.Qxh7+ Ke8 40.Qh5+  1-0

[Event "Baku Open 2012"]
[Site "Baku AZE"]
[Date "2012.09.26"]
[Round "5.32"]
[White "Husseinov,S"]
[Black "Idrisov,T"]
[Result "1-0"]
[WhiteElo "2195"]
[BlackElo "2268"]

1.Nf3 c5 2.c4 Nf6 3.Nc3 e6 4.d4 cxd4 5.Nxd4 a6 6.e3 Be7 7.Be2 O-O 8.O-O Qc7
9.b3 d6 10.Bb2 Nbd7 11.Rc1 b6 12.Bf3 Bb7 13.Bxb7 Qxb7 14.Qf3 Qxf3 15.Nxf3 b5
16.cxb5 axb5 17.Nd4 b4 18.Na4 d5 19.Rc7 Bd6 20.Rc6 Bb8 21.Ba1 Ne5 22.Rc2 h6
23.h3 Ne4 24.f3 Nf6 25.Kf2 Ned7 26.Ke2 Nh5 27.Rfc1 Ng3+ 28.Kf2 Nh5 29.g4 Nhf6
30.Ke2 Kh7 31.Rc8 Bd6 32.R8c6 Be7 33.R6c2 Rfb8 34.f4 Bd8 35.Nf3 Ne4 36.Bd4 Ba5
37.h4 Ng3+ 38.Kd3 Re8 39.g5 f6 40.gxf6 gxf6 41.Rc7 Bxc7 42.Rxc7 Re7 43.Nb6 e5
44.fxe5 fxe5 45.Nxa8 e4+ 46.Kd2 exf3 47.Ke1 Rf7 48.e4 dxe4 49.Nb6 Ne5 50.Rxf7+ Nxf7
51.Nd5 Nf5 52.Bc5 Kg6 53.Kf2 Ne5 54.Nxb4 Ng4+ 55.Kg1 e3 56.Nd3 Kh5 57.a4 Kxh4
58.a5 Kg3 59.a6 e2 60.a7 Nge3 61.Bb4 Nd4 62.Be1+  1-0

[Event "TCh-SRB Prem 2012"]
[Site "Valjevo SRB"]
[Date "2012.09.26"]
[Round "10.4"]
[White "Damljanovic,B"]
[Black "Vuckovic,Bo"]
[Result "1/2-1/2"]
[WhiteElo "2572"]
[BlackElo "2604"]

1.c4 Nf6 2.Nc3 c5 3.Nf3 e6 4.e4 Nc6 5.Be2 d5 6.exd5 exd5 7.d4 Be6 8.cxd5 Nxd5
9.O-O Be7 10.dxc5 Nxc3 11.bxc3 Bxc5 12.Ng5 Qxd1 13.Bxd1 Bd5 14.Re1+ Be7 15.Ba4 Kf8
16.Rb1 h6 17.Nh3 Nd8 18.Ba3 Be6 19.Bxe7+ Kxe7 20.Nf4 Rc8 21.Bb3 Kf6 22.Bxe6 fxe6
23.Re3 Re8 24.Rd1 g5 25.Nh5+ Kg6 26.g4 Rc7 27.Rf3 Nc6 28.Rf6+ Kh7 29.Re1 Nd8
30.Re3 Ree7 31.Rf8 Nf7 32.h3 a6 33.Rb8 Nd6 34.f4 Nc4 35.Rd3 gxf4 36.Rdd8 e5
37.Rg8 Rc6 38.Rh8+ Kg6 39.Rbg8+ Kf7 40.Rg7+ Ke6 41.Rxh6+ Kd7 42.Rxc6 bxc6
43.Nf6+ Ke6 44.Rxe7+ Kxe7 45.Ne4 Nd6 46.Nxd6 Kxd6 47.h4 Ke6 48.h5 Kf6  1/2-1/2

[Event "1st Simon Bolivar Open 2012"]
[Site "San Cristobal VEN"]
[Date "2012.09.28"]
[Round "6.20"]
[White "Blanco,Cr"]
[Black "Rincon Sequeda,Jose Omar"]
[Result "0-1"]
[WhiteElo "2375"]
[BlackElo "2024"]

1.c4 Nf6 2.Nc3 c5 3.Nf3 g6 4.d4 cxd4 5.Nxd4 Bg7 6.e4 d6 7.Be2 O-O 8.O-O Nc6
9.Be3 Bd7 10.Rc1 a6 11.f3 Rc8 12.Qd2 Re8 13.Kh1 Ne5 14.b3 Qa5 15.Rc2 e6 16.Nd5 Qd8
17.Nxf6+ Bxf6 18.Rd1 Qc7 19.f4 Nc6 20.Nf3 Rcd8 21.Qxd6 Qxd6 22.Rxd6 Nb4 23.Rcd2 Bc6
24.e5 Be7 25.a3 Bxd6 26.exd6 Bxf3 27.Bxf3 Nc6 28.Bb6 Rd7 29.b4 e5 30.Bxc6 bxc6
31.fxe5 Rxe5 32.h3 Re4 33.c5 f5 34.Ba5 Rc4 35.a4 Kf7 36.Re2 Rc1+ 37.Kh2 Rc4
38.Re1 Rc3 39.Re2 Rc4 40.Kg3 h6 41.Kf2 Rf4+ 42.Kg3 Rc4 43.Kf3 Rc3+ 44.Kf2 Rc4
45.Rb2 Ke6 46.Bb6 Rb7 47.Ke3 Re4+ 48.Kd3 Kd7 49.g4 Re5 50.gxf5 Rxf5 51.Re2 Rf7
52.Kc4 Rf4+ 53.Kc3 Rf3+ 54.Kd4 Rf4+ 55.Kd3 Rf3+ 56.Kd2 Rf7 57.Kd3 Rb8 58.Kc3 Re8
59.Rxe8 Kxe8 60.b5 axb5 61.axb5 Kd7 62.Kb4 Rf4+ 63.Ka5 Rf1 64.Ka6 Rb1 65.bxc6+ Kxc6
66.Ka7 Kd7 67.Kb7 Rc1 68.h4 g5 69.hxg5 hxg5 70.c6+ Rxc6 71.Be3 g4  0-1